Big data, big analytics: Emerging business intelligence and analytic trends for today's businesses (Record no. 24390)

MARC details
000 -LEADER
fixed length control field 00521nam a2200169Ia 4500
008 - FIXED-LENGTH DATA ELEMENTS--GENERAL INFORMATION
fixed length control field 230917s9999||||xx |||||||||||||| ||und||
020 ## - ISBN
Price RS599
040 ## - CATALOGING SOURCE
-- 242897
Original cataloging agency VIVEKANANDA LIBRARY
041 ## - Language
-- English
082 ## - DDC NUMBER
Classification number 658.472 M662B
100 ## - MAIN ENTRY--PERSONAL NAME
Personal name Minelli, Michael
245 #0 - TITLE STATEMENT
Title Big data, big analytics: Emerging business intelligence and analytic trends for today's businesses
260 ## - PUBLICATION, DISTRIBUTION, ETC. (IMPRINT)
Place of publication, distribution, etc New Delhi
Name of publisher, distributor, etc Wiley India
Date of publication, distribution, etc 2017
300 ## - PHYSICAL DESCRIPTION
Pages xxiii, 187 p.
500 ## - GENERAL NOTE
General note 2907 03/11/2017 HBD17/7111 08/12/2017 Main Budget
942 ## - ADDED ENTRY ELEMENTS (KOHA)
Koha item type Books
Holdings
Withdrawn status Lost status Damaged status Not for loan Location (home branch) Sublocation or collection (holding branch) Date acquired Koha issues (times borrowed) Koha full call number Accession No. Koha date last seen Koha item type
        VIVEKANANDA LIBRARY VIVEKANANDA LIBRARY 03/01/2018   658.472 M662B 364619 17/09/2023 Books
        VIVEKANANDA LIBRARY VIVEKANANDA LIBRARY 03/01/2018   658.472 M662B 364620 17/09/2023 Books
© Designed and Maintained by Vivekananda Library, MDU Rohtak